Introduction to remotely sensed data : part one of the microBRIAN resource manual

Αποθηκεύτηκε σε:
Λεπτομέρειες βιβλιογραφικής εγγραφής
Κύριος συγγραφέας: Harrison, B. A.
Άλλοι συγγραφείς: Jupp, D. L. B. (David Lawrence Barry) 1943-
Μορφή: Βιβλίο
Γλώσσα:English
Δημοσίευση: Australia : CSIRO, 1990
Θέματα:
Ετικέτες: Προσθήκη ετικέτας
Δεν υπάρχουν, Καταχωρήστε ετικέτα πρώτοι!

MARC

LEADER 00000nam a2200000 i 4500
001 1/67010
008 931022s1990 eng d
020 |a 0-643-04991-6 
035 |a ΛΕΣΒΟΣb10001823  |l 10001823 
040 |a GR-MY-UA  |b gre  |e aacr 
041 0 |a eng 
082 0 |a 621.3678 
100 1 |a Harrison, B. A. 
245 1 0 |a Introduction to remotely sensed data :  |b part one of the microBRIAN resource manual /  |c B. A. Harrison; D. L. B. Jupp 
260 |a Australia :   |b CSIRO,   |c 1990 
300 |a 134 p.  |b tab.; fig. 
504 |a Includes index 
650 0 0 |a Remote sensing. 
650 0 0 |a Remote sensing  |x Data processing. 
700 1 |a Jupp, D. L. B. (David Lawrence Barry)  |d 1943- 
852 |a INST  |b LESVOS  |e 19931022  |h 621.3678 HAR  |p 005100005708  |q 005100005708  |t BK  |y 0 
909 |a Λ  |b 021139